|
|
|
|
| LEADER |
00000nab a2200000 a 4500 |
| 001 |
vtls000121434 |
| 003 |
SK-MaSNL |
| 005 |
20260304033954.0 |
| 008 |
111104c1982 xo 0 slo |
| 015 |
|
|
|a SNBRB19rr/mm-uuuuu
|
| 035 |
|
|
|a CL0131539
|
| 040 |
|
|
|a SNKBUCL
|b slo
|c SNKBUCL
|e AACR2
|
| 041 |
0 |
|
|a slo
|
| 044 |
|
|
|a xo
|c SK
|
| 080 |
|
|
|a 373.6
|2 1981
|
| 080 |
|
|
|a 371.3
|2 1981
|
| 100 |
1 |
|
|a Belko, Štefan
|4 aut
|9 381502
|
| 245 |
1 |
0 |
|a Povolaním lesník
|b Postrehy z výchovnovyučovacej práce na Strednej lesníckej technickej škole v L. Hrádku
|c Štefan Belko ; Belko,Štefan
|
| 650 |
0 |
7 |
|a stredné školy
|2 snkbucl
|9 1279
|
| 650 |
0 |
7 |
|a Stredná lesnícka technická škola, Liptovský Hrádok
|2 snkbucl
|9 1316361
|
| 651 |
|
7 |
|a 5304
|2 snkbucl
|9 277630
|
| 655 |
|
7 |
|a články z novín a časopisov
|2 snkbucl
|9 267496
|
| 773 |
0 |
|
|t Smer
|g Roč. 34, č. 104 (3. 5. 1982), s. 4
|
| 850 |
|
|
|a Slovenská národná knižnica v Martine
|a MTA001
|
| 852 |
|
|
|a SNK
|b KIS3GCP
|
| 958 |
|
|
|a RK
|
| 992 |
|
|
|a RBX
|
| 999 |
|
|
|c 2650673
|d 2652603
|